Normal view
MARC view
Entry Personal Name
001 - CONTROL NUMBER
- control field: 16998
003 - CONTROL NUMBER IDENTIFIER
- control field: HDC
005 - DATE AND TIME OF LATEST TRANSACTION
- control field: 20230624073508.0
008 - FIXED-LENGTH DATA ELEMENTS
- fixed length control field: 210225|| aca||aabn | a|a d
040 ## - CATALOGING SOURCE
- Original cataloging agency: HDC
- Transcribing agency: HDC
100 ## - HEADING--PERSONAL NAME
- Personal name: Mohd Asri Zainul Abidin,
- Titles and other words associated with a name: Dr.
670 ## - SOURCE DATA FOUND
- Source citation: Work cat.: (HDC): Mohd Asri Zainul Abidin, Dr., author, In fact, most things halal /, 2008
